000 00708nam a22002537a 4500
003 UA-OsUOA
001 21294
007 ta
008 20031126b un ||||| |||| 00| 0 ukr d
100 _aМелкумов Я. С.
090 _a336
_bМ47
942 _cBK
040 _aUA-OsUOA
_brus
_cUA-OsUOA
_dUA-OsUOA
245 _aЭкономическая оценка эффективности инвестиций и финансирование инвестиционных проектов
300 _a160 с.
955 _a0
041 _arus
080 _a336
020 _a5-86509004307
260 _aМосква
_bИКЦ "ДИС"
_c1997
044 _aRU
650 7 _2UDC
999 _c307488
_d307488